Performance assessment of groundwater drainage basin in small-sized mountain rivers based on DTM; IOP Conference Series: Earth and Environmental Science; Vol. 33 : Contemporary Issues of Hydrogeology, Engineering Geology and Hydrogeoecology in Eurasia
| Parent link: | IOP Conference Series: Earth and Environmental Science Vol. 33 : Contemporary Issues of Hydrogeology, Engineering Geology and Hydrogeoecology in Eurasia.— 2016.— [012056, 5 p.] |
|---|---|
| Autor principal: | |
| Autor Corporativo: | |
| Outros Autores: | , |
| Resumo: | Title screen The paper describes the performance assessment methods for groundwater drainage basin based on the analysis of morphometric indices of small-sized mountain river drainage basins. DTM was applied to analyze morphometric indices of drainage basins. |
| Idioma: | inglês |
| Publicado em: |
2016
|
| coleção: | Natural Waters Resources |
| Assuntos: | |
| Acesso em linha: | http://dx.doi.org/10.1088/1755-1315/33/1/012056 http://earchive.tpu.ru/handle/11683/34011 |
| Formato: | Recurso Eletrônico Capítulo de Livro |
| KOHA link: | https://koha.lib.tpu.ru/cgi-bin/koha/opac-detail.pl?biblionumber=649520 |
MARC
| LEADER | 00000nla2a2200000 4500 | ||
|---|---|---|---|
| 001 | 649520 | ||
| 005 | 20240206095808.0 | ||
| 035 | |a (RuTPU)RU\TPU\network\14682 | ||
| 035 | |a RU\TPU\network\14674 | ||
| 090 | |a 649520 | ||
| 100 | |a 20160726a2016 k y0engy50 ba | ||
| 101 | 0 | |a eng | |
| 102 | |a GB | ||
| 105 | |a y z 100zy | ||
| 135 | |a drcn ---uucaa | ||
| 181 | 0 | |a i | |
| 182 | 0 | |a b | |
| 200 | 1 | |a Performance assessment of groundwater drainage basin in small-sized mountain rivers based on DTM |f A. N. Nikitenkov, E. M. Dutova, D. Pokrovsky | |
| 203 | |a Text |c electronic | ||
| 225 | 1 | |a Natural Waters Resources | |
| 300 | |a Title screen | ||
| 320 | |a [References: 10 tit.] | ||
| 330 | |a The paper describes the performance assessment methods for groundwater drainage basin based on the analysis of morphometric indices of small-sized mountain river drainage basins. DTM was applied to analyze morphometric indices of drainage basins. | ||
| 461 | 0 | |0 (RuTPU)RU\TPU\network\2499 |t IOP Conference Series: Earth and Environmental Science | |
| 463 | 0 | |0 (RuTPU)RU\TPU\network\14178 |t Vol. 33 : Contemporary Issues of Hydrogeology, Engineering Geology and Hydrogeoecology in Eurasia |o All-Russian Scientific Conference with International Participation on Contemporary Issues, 23–27 November 2015, Tomsk, Russia |v [012056, 5 p.] |d 2016 | |
| 610 | 1 | |a электронный ресурс | |
| 610 | 1 | |a труды учёных ТПУ | |
| 610 | 1 | |a водосборные бассейны | |
| 610 | 1 | |a горные реки | |
| 610 | 1 | |a дренажи | |
| 610 | 1 | |a подземные воды | |
| 610 | 1 | |a водосборы | |
| 610 | 1 | |a эффективность | |
| 700 | 1 | |a Nikitenkov |b A. N. |c physicist, hydrogeologist |c associate Professor of Tomsk Polytechnic University, candidate of geological and mineralogical Sciences |f 1983- |g Aleksey Nikolaevich |3 (RuTPU)RU\TPU\pers\33263 |9 17008 | |
| 701 | 1 | |a Dutova |b E. M. |c hydrogeologist |c Professor of Tomsk Polytechnic University, Doctor of geological and mineralogical sciences |f 1956- |g Ekaterina Matveevna |3 (RuTPU)RU\TPU\pers\31021 |9 15251 | |
| 701 | 1 | |a Pokrovsky |b D. | |
| 712 | 0 | 2 | |a Национальный исследовательский Томский политехнический университет (ТПУ) |b Институт природных ресурсов (ИПР) |b Кафедра гидрогеологии, инженерной геологии и гидрогеоэкологии (ГИГЭ) |3 (RuTPU)RU\TPU\col\18664 |
| 801 | 2 | |a RU |b 63413507 |c 20170412 |g RCR | |
| 856 | 4 | |u http://dx.doi.org/10.1088/1755-1315/33/1/012056 | |
| 856 | 4 | |u http://earchive.tpu.ru/handle/11683/34011 | |
| 942 | |c CF | ||